000 00965cam a2200289 a 4500
001 0000005662
005 20170406120907.0
008 040902s2003 rh 000 0deng
010 _a 2004410665
020 _a1779220170
035 _a(DLC) 2004410665
040 _aDLC
_cDLC
_dDLC
042 _aode=LC overseas data entry
043 _af-rh---
050 0 0 _aHV9851
_b.T73 2003
245 0 2 _aA tragedy of lives :
_bwomen in prison in Zimbabwe /
_cedited by Chiedza Musengezi and Irene Staunton.
260 _aAvondale, Harare :
_bWeaver Press,
_c2003.
300 _axviii, 320 p. ;
_c21 cm.
500 _a"Zimbabwe Women Writers.".
650 0 _aWomen prisoners
_zZimbabwe
_vInterviews.
700 1 _aMusengezi, Chiedza.
700 1 _aStaunton, Irene.
710 2 _aZimbabwe Women Writers.
710 2 _aWeaver Press.
852 1 _9p17.00usd
856 4 1 _3Table of contents
_uhttp://www.loc.gov/catdir/toc/fy052/2004410665.html
908 _a150115
999 _c5444
_d5444